000 00405nam a2200145Ia 4500
008 231129s2003||||xx |||||||||||||| ||spa||
020 _a978-958-30-1159-7
040 _bspa
082 _a(i) Co863 A676c
100 _aArdila Jaramillo Emma Lucí­a
245 0 _aLa cazadora casada
260 _c2003
264 _aBogotá Colombia : Panamericana
942 _2ddc
_cBKS
999 _c16594
_d16594